Chatgpt a encore pété un cable - Statistiques

Statistiques générales
  • Ce quiz a été pris 15 fois
  • Le résultat moyen est 4 sur 10
Statistiques - réponses
Hint Réponse % Correct
🎥📱 [TikTok — 0:00] 🎵 ♫ Phonk music en fond (genre : "Giga Chad Theme") 📸 [Plan rapide d’un mec chauve en slip dans le désert] 📝 Caption : QUAND TON PROF DE CHIMIE FAIT UN BURNOUT 🔥💊 🎥 [0:03] 🎙️ (voix robot dramatique) « THIS IS [...]. HE MAKES METH. BUT HE’S DOING IT FOR… HIS FAMILY 👨‍👩‍👦😔 » 📸 [Zoom saccadé sur sa tête — il tousse] 📝 Caption : IL A UN CANCER. ET ZÉRO PATIENCE. 🎥 [0:06] 🎶 Transition avec "To Be Continued" mais remix trap 📸 [[...] apparaît en mode streetwear] 🗣️ « YO [...], SCIENCE, B****!! » 📝 Caption : SON ASSISTANT : UN GAMIN DU QUARTIER MAIS TROP ICONIQUE 🧪🔥 🎥 [0:10] 📸 [Explosion — ralenti — lunettes qui tombent] 📝 Caption : [...] COMMENCE À DEVENIR... UN DÉMON CALCULATEUR 😈 🎵 Drop de musique intense 🎙️ (voix écho dramatique) « I AM THE ONE WHO KNOCKS. » 🎥 [0:13] 📸 [Montage ultra cut : meth bleue ✨, mecs en costard, visages flippés] 📝 Caption : +1000 IQ MOVES, TRAHISONS, DRAMES... ET UN POULET FLIPPANT 🐔🧠 🎥 [0:17] 📸 [Plan final : [...] dans le noir, regard de tueur] 📝 Caption : TU PENSAIS REGARDER UNE SÉRIE DE CHIMIE ? NON NON NON. T’AS SIGNÉ POUR UN OPÉRA DU CHAOS 🔥💀 🎵 Outro sad lo-fi avec pluie qui tombe 📝 Final caption : ___ : DISPO PARTOUT, MAIS T’EN SORS PAS INDEMNE BRO. 💬 [Commentaires explosent] 👤@bibi_bingeuse : "j’ai revu les 5 saisons en 2 jours là wsh" 👤@methfan69 : "Le poulet, c’est une métaphore j’vous jure 🐔" 👤@yo_mr_white : "CAP CUT GO BRRR 💥" Breaking Bad
60%
👤 IdentitéNom : ___ Âge : Environ 1500 ans (et toujours pas une ride) Origine : Empire Gupta (Inde), v. VIe siècle Nationalité : Mondiale 🌍 Statut : Intemporel, classé patrimoine mental de l’humanité 🧠🏛️ 🧩 Compétences clés ♟️ Stratégie pure : planification à court, moyen et long terme 🔄 Adaptabilité : multilingue, multi-plateforme, du plateau bois au 3D VR 🧮 Pensée combinatoire : 10²⁰⁰ possibilités après quelques coups 🧘‍♂️ Discipline mentale : zen mais létal 🎓 Éducation : utilisé pour former la logique, la patience, et la pensée critique dans des millions d’écoles 👑 Expérience professionnelle -500 à aujourd'hui – Jeu de stratégie de référence Contrats signés avec : Rois médiévaux, IA de Google, YouTubers bruyants et retraités de génie. 1972 – Match du siècle : Coup de projecteur géopolitique : j’ai volé la vedette à la Guerre Froide. 1997 – Duel contre Deep Blue (IBM) Premier KO contre une IA. Depuis, je forme les machines plus vite que leur ombre. 2020+ – Popularité Twitch & Netflix Retour viral grâce à [...]. Recrutement massif de nouveaux joueurs dans le monde entier. 📜 Langages parlés FEN, PGN, notation algébrique, cris de joueurs frustrés en 35 langues 🏆 Récompenses 🎖️ Jeu le plus joué dans l’histoire du monde après “Deviner ce que pense ton ex” 🏛️ Symbole officiel de l'intelligence depuis l'Antiquité 🧠 Seul jeu capable d’humilier à la fois un enfant et un ingénieur spatial 🧭 Objectifs professionnels Continuer à évoluer via les variantes 4 joueurs ou les matchs IA vs IA Démocratiser l'excellence stratégique dans le monde entier Rester humble, mais invincible Obtenir enfin une case à mon nom dans le Monopoly ✅ Disponibilité : 24h/24, en ligne ou IRL 💼 Lieu de travail souhaité : Votre table basse, un café parisien, ou dans votre tête pendant que vous essayez de dormir Echecs
60%
👶 Origines : Née en 1926, dans une vibe très golden age, ___ n'était pas censée percer tout de suite. Mais BIM 💥 en 1952, après un plot twist royal, elle drop son début d’ère : 👑 Une montée en puissance qui va durer 70 ANS. Plus long que la carrière de la plupart des artistes... sorry, not sorry. 😘 🎤 Le style ? Un mix entre classe éternelle et main de fer dans un gant Chanel Toujours drapée dans des tenues couleur bonbon acidulé — mais attention, chaque outfit est une déclaration esthétique de pouvoir silencieux. Son accessoire signature ? Une couronne à paillettes et un sac à main vide, mais chargé de mystère 👛✨ 📺 Moments cultes : 1953 : 🎬 "Live from Westminster Abbey". Audience mondiale. Une reine, mais surtout... une pop culture moment. 1992 : Son "annus horribilis" — un album expérimental dark, un peu Taylor Swift Reputation, mais avec plus de divorces. 2012 : Elle saute en hélico avec James Bond pendant les JO — Beyoncé n’a qu’à bien se tenir. 2022 : Elle sort son ultime banger : "70 Years of Reign" — un Jubilee world tour, avec hologrammes, chevaux et marmelade. 🎙️ Les collaborations ? Winston Churchill en mode manager old school Diana — une pop rivalité tragique façon Britney vs Xtina Charles, Camilla & les corgis — le fan club officiel Et bien sûr... THE CROWN, sa série biopic Netflix non-officielle mais validée à 60% 🌈 Pourquoi c’est une icône ? Parce que c’est la seule personne qui pouvait être : Trendy ET ancestrale Froide comme l’Angleterre en novembre, mais chaude pour les traditions Apolitiquement puissante Et genre… immortelle jusqu’en 2022. Elle a connu 13 premiers ministres, 2 guerres, 1 pandémie, et 1000 mèmes. Et elle est restée debout. En tailleur pastel. Avec son regard laser. 💎 💔 Final concert : Septembre 2022 — Standing ovation mondiale Mais comme toute icône, elle ne disparaît pas. Elle devient légende. Une vibe. Un filtre Instagram. Un emoji 👑 💿 Now streaming in the hearts of 2.3 billion fans. Elizabeth II
60%
Dans un petit quartier de Leningurando (alias Leningrad, sugoi ville du nord de la Russie), naît en 1952 un chibi boy au regard déjà très tsundere... 🐣 Petit mais déterminé, il rêve pas de devenir Hokage ou Pirate King… nan nan, lui, il veut rejoindre le KGB no sentai, l’escouade secrète ultra-classe des ninja agents secrets de l’Union Soviétique 😤💼🇷🇺 🥋✨Arc du Dojo de la Discipline✨🥋 ___-senpai, ce n’est pas un simple salaryman ! Il maîtrise l’art ancestral du jūdō no jutsu, qu’il utilise pour mettre ses adversaires en omae wa mou shindeiru mode. Il devient sensei de la self-control attitude 🧘. 💥🔥Arc de la Perestroïka-chaos & la Chute du Mur d’Berlin-chan🔥💥 Quand l’URSS fait un baka move et s’effondre, notre senpai n’abandonne pas ! Il active son plan secret de domination silencieuse : Kage Bunshin no Bureaucrate. En vrai mode kaichou, il monte les échelons politiques plus vite qu’un perso cheaté d’isekai. 🎩👁️‍🗨️**Transformation : de Premier Ministre-kun à Président-sama !**🎩 En 1999, soudainement, le boss de fin nommé Eltsine-sama dit : « ___, anata wa tsugi no daitōryō da. » (« Toi, ___, t’es le prochain président. ») Et bam, notre ___-senpai entre dans son final form : PRÉSIDENT MODE ULTIME 🇷🇺✊ Il devient comme un shogun du Kremlin, genre un mix entre Itachi, Lelouch et Scar de Fullmetal. Glacial, stoïque, mystérieux — sugoi yatsu, quoi. 🐻⛷️🎖️Mini-arcs secondaires : le cavalier torse-nu & l’ours kawaii Il fait du cheval sans shirt (kyun~ ❤️), combat des ours (kakkoiii~ 🐻), et chasse les ennemis de la Mother Russia comme un personnage de shōnen gritty reboot. ⚔️🌍Arc de la Géopolitique Ultra-Dark Mode🌍⚔️ Bon, là, c’est moins kawaii... il entre dans des arcs très seinen : Ukraine no hen, Crimea no kessen, Spy war no saga... Des décisions très yami no kokoro, qui font de lui un perso antagoniste/anti-héros ultra controversé. Mais attention : il est toujours là, le regard fixe, genre 「I planned this all along.」 🎬💫Fin ouverte comme tout bon anime à 30 saisons ___-senpai est toujours au pouvoir, dans un arc qui n’en finit pas, entouré de généraux à la moustache dramatique et d’une aura de boss final dans un JRPG… Moral de l’histoire ? Même si t’es un petit chibi dans une ville froide, si t’as assez de ganbaru spirit, tu peux devenir président… ou du moins, un perso de shōnen avec une OST dramatique à chaque apparition. Vladimir Poutine
60%
« Ah bah écoute, "___", c’est comme ma 205 GTI hein : c’est p’tit, ça paye pas d’mine au départ, mais alors qu’est-ce que ça envoie ! » « J’te jure, c’est l’émission qu’te fout du savoir dans l’cerveau sans même qu’t’y fasses gaffe. C’est F, J, et l’aut' S là, tu vois ? F c’est l’gars qui court partout, y fait les manips, y s’fait tremper dans la boue ou y grimpe dans des centrales nucléaires, un vrai cascadeur du CNRS ! » « Pis t’as J, dans l’camion — attention hein, c’est pas un vulgaire utilitaire, nan nan ! C’est un laboratoire roulant, une sorte d’gros cerveau sur roues. Le gars y t’fait des schémas en carton mousse, y t’explique la tectonique des plaques comme s’y causait d’une vidange. J’te jure, après deux épisodes, j’ai compris l’ADN et comment marche une centrale à charbon. Bah ouais, c’est puissant comme la Clio 16v d’mon frangin, mais pour les neurones. » « Et S, ben... c’est la touche d’élégance, quoi. Elle va partout, elle t’montre les coulisses, genre les égouts de Paris ou l’dessous d’un volcan. Une vraie baroudeuse, mais avec l’sourire d’une hôtesse du salon de l’auto. » « Franchement, t’regardes ça, t’as l’impression d’être un génie... mais en jogging. C’est comme si t’allais chez Norauto pour un changement de plaquettes, pis qu’on t’apprend la physique quantique pendant qu’tu bois un café dans la salle d’attente. » « Bref, qu’est-ce que c’est balèze. C’est mon turbo du savoir, mon carbu d’la culture. Si j’avais eu ça à l’école, j’aurais fini ingénieur chez Renault, j’te l’dis ! » C'est pas sorcier
47%
👨‍🏫 Cours de Mathématiques Appliquées à l’Éthique et à la Logique Chapitre 1 : Introduction aux ensembles Soit l’ensemble ℍ des humains et 𝔻 des dieux de la mort. Un élément particulier, R ∈ 𝔻, perturbe l'équilibre des ensembles en projetant une variable non conforme dans ℍ. Cette action introduit une fonction f : ℍ → ℝ, où ℝ est l’ensemble des réalités morales floues. Chapitre 2 : Fonctions, décisions et probabilités Définissons un individu L ∈ ℍ. L applique une fonction k(x) définie par : k(x) = 0 si x est « juste » k(x) = ☠️ si x est « criminel » Cette fonction est injective mais non bijective, car elle élimine progressivement des éléments de ℍ sans considération d'une structure globale stable. Chapitre 3 : Raisonnement déductif et systèmes d’équations L’introduction de la variable L' ∈ ℍ, détective, crée une équation du type : Trouver x tel que k(x) = ☠️, où x ≡ L mais est inconnue dans le système observé par L'. Ceci devient une équation à inconnue masquée, nécessitant l’utilisation de la logique propositionnelle, de preuves par l’absurde, et de probabilités conditionnelles. Chapitre 4 : Notions de limites — Jusqu’où peut-on aller pour résoudre une équation morale ? L pousse sa fonction k(x) à l’infini, dans une tentative de créer un monde où ∀x ∈ ℍ, k(x) = 0. Mais il oublie que lim(x→absolu_pouvoir) k(x) tend vers k(x) = ☠️ pour tout x ≠ L, ce qui introduit une contradiction dans son propre système éthique. Conclusion : Au final, c’est un exercice de limite, de consistance des axiomes, et surtout, une preuve par l’échec que toute équation du bien universel a ses racines dans des hypothèses douteuses. Death Note
47%
« Ah, ___, mon cher, laissez-moi vous entretenir d'une œuvre vidéoludique qui, à mes yeux, ne relève point du simple divertissement, mais bien d’un héritage à la valeur presque patrimoniale. » « Il s'agit là d'un univers d'une mélancolie si exquise, si noble dans sa désolation, que l'on ne saurait y pénétrer sans en ressentir, dès les premiers pas, une forme de révérence. Le domaine de Lordran – ainsi s’appelle cette contrée – est à la fois ruine et reliquaire, théâtre de tragédies oubliées, et miroir brisé de civilisations déchues. Une sorte de Versailles, si l’on veut, mais ravagé par le feu, la folie, et le poids accablant du destin. » « L’on y incarne, non pas un héros clinquant et bavard, Dieu nous en garde, mais un être flétri, un mort-vivant, dont l’anonymat, loin d’être une faiblesse, confère une solennité tout à fait singulière à sa quête. Tout y est obscur, sibyllin, comme s’il fallait mériter chaque fragment de savoir en le déterrant soi-même, tel un archéologue de la douleur. » « Le système de combat, quant à lui, est d’une rigueur presque aristocratique : point de débordements spectaculaires, non, mais une exigence constante, un équilibre subtil entre témérité et prudence, tel un duel au petit matin entre gentlemen. L’échec y est omniprésent, mais jamais injuste — une leçon de vie, en somme. » « Ah, et la solitude... parlons-en, voulez-vous ? C’est une solitude grandiose, digne des plus belles pages de Chateaubriand ou des couloirs d’un manoir ancestral, où chaque murmure de vent pourrait être une réminiscence du passé. » « En somme, ce n’est point un jeu que l’on consomme — c’est une demeure que l’on habite, un domaine que l’on apprend à aimer malgré ses ronces, un héritage exigeant que l’on chérit pour ce qu’il ne dit pas, pour ce qu’il nous fait éprouver. C’est, très sincèrement, l’un de mes biens les plus précieux. » Dark Souls
27%
🎤📡 Mesdames et Messieurs, bienvenue dans le futur de la linguistique.Préparez-vous à découvrir la Langue 3.0™. Voici... ___ OS — "Le langage qui repousse les limites de l'expression humaine." 🧠💬 Une interface vocale repensée de A à Z Forget everything you know about languages. Le ___, c’est pas juste un moyen de communication. C’est un système vocal modulaire, pensé pour l’efficacité, la robustesse et un débit de parole supersonique. Chaque phrase est compressée, packée dans un cocktail explosif de sons gutturaux, de diphtongues cybernétiques et de structure algorithmique. ✨ 50% de mots en moins, 300% plus de productivité. Les syllabes se connectent comme des ports USB à haut débit. 🔊💻 Une phonétique open-source Avec ses sons glottophoniques™ (™ = on vient de l’inventer), le ___ ne parle pas, il compile. « Grachten, gezellig, scheveningen » — ce ne sont pas des mots, ce sont des protocoles. Le "g" ___ ? C’est pas une lettre. C’est un pare-feu vocal qui filtre les faibles de la gorge. 📦🔗 Compatible avec les langues germaniques, mais en mieux ___ OS est rétrocompatible avec l’allemand, interopérable avec l’anglais, et il inclut un patch pour comprendre 90% des memes ___. Mais contrairement à d'autres systèmes, lui, il tourne sans bug et sans accent inutile. Et avec le plugin "Flemish Lite", vous obtenez une version plus douce, plus chaleureuse, presque rustique. Genre une interface avec des coins arrondis et un fond en bois clair. 🛠️🌍 Pensé pour les vélos, les digues et le commerce mondial ___ OS a été conçu dans un environnement extrême, où la terre a été volée à la mer et le vent parle plus fort que ta daronne. Résultat : un langage stable, waterproof, et résistant aux tempêtes géopolitiques. Optimisé pour le débat d’idées, le design d’intérieur et les commandes de bière par 12. 🎇💡 Conclusion Apprendre le ___, ce n’est pas apprendre une langue. C’est faire la mise à jour de votre cerveau. C’est passer de l’humain 1.0 au polyglotte augmenté. Bienvenue dans la réalité ___ augmentée™. 📣 ___ OS — Speak future. Spreek toekomst. Néerlandais
27%
« Gluuuh… gaaah… Swi-Swi ! »« Gaaaa… papaaa Miyamotooo… mwaaa console évolutiiiifffeuh… zzzzziiip… » « Brbrbrrrr… chippy fasty fast, graaaafiiiikk joooooliiies ! » « Hiii hiiii… je fais les deuuuux ! Comme ma grrraaaande sœuur 🥺💪 » « Uuhhh... suuuuup-pwiiiiider.... ray trecing… dooodoo 60 fpsss » « Waaaah... joueuh avec mwaaaaa ! 🥹 J’pro-met mwa pas crasher ! » « ___… c’est mwaaaa… vi-vivaaa Nintendooo 💖 » Switch 2
27%
🧗‍♀️Journaliste : [...] M : Honnêtement ? Je ne savais pas vraiment. C’était… un appel. Un besoin de me prouver que j’étais capable de quelque chose. Pas pour les autres. Pour moi. Le sommet, c’était moins une destination qu’un miroir. J’avais cette part de moi – sombre, critique, épuisante – qui me disait que je n’y arriverais pas. Alors je suis partie. J’ai décidé de me battre. 🧠Journaliste : [...] M : Oui. C’est moi, mais distordue. C’est l’anxiété, la peur de l’échec, la voix dans ta tête qui te dit tu n’es pas assez bien. Elle voulait m’arrêter, me protéger en me maintenant au sol. Mais j’ai compris qu’on ne gagne pas contre soi-même en fuyant. Il fallait que je l’écoute. Que je l’accepte. Même si elle criait. 💨Journaliste : [...] M : Chaque saut, chaque dash, chaque chute... c’était comme une conversation avec la montagne. Elle te dit : Tu vas tomber. Mais tu peux te relever. Et ça, ça m’a marquée. Ce n’était pas une punition. C’était une leçon. Tu meurs, tu réessaies. Tu meurs encore, tu comprends un peu mieux. C’est dur, mais c’est honnête. 🌫️Journaliste : [...] M : Théo, c’est le genre de personne que tu rencontres au bon moment. Il ne t’"aide" pas vraiment au sens classique. Il t’écoute. Il te rappelle que tu n’es pas seule. Et parfois, c’est tout ce dont tu as besoin. Chaque rencontre sur la montagne m’a appris quelque chose. Même les plus étranges… surtout celles-là. 🌄Journaliste : [...] M : Le sommet n’est pas une fin. C’est une pause. Une respiration. Je sais que je vais encore tomber, douter, m’en vouloir. Mais je suis montée. Et je peux recommencer. Je suis toujours M. Avec mes forces, mes failles, mes vertiges. Et c’est suffisant. 📝Note du journaliste : M n’est pas une héroïne parce qu’elle a vaincu la montagne. Elle l’est parce qu’elle a osé l’affronter. Parce qu’elle est tombée mille fois. Et qu’elle s’est relevée mille et une. Celeste
20%
Aucun quiz correspondant
Distribution des résultats
% des personnes avec chaque résultat
Percentile par nombre de réponses
Votre historique - résultats
Vous n’avez pas pris ce quiz